书目信息 |
| 题名: |
高原湖泊水生态健康评估
|
|
| 作者: | 李艳华 , 毛建忠 , 此里能布 主编 | |
| 分册: | ||
| 出版信息: | 北京 中国水利水电出版社 2017 |
|
| 页数: | 166页 | |
| 开本: | 26cm | |
| 丛书名: | ||
| 单 册: | ||
| 中图分类: | X824 | |
| 科图分类: | ||
| 主题词: | ||
| 电子资源: | ||
| ISBN: | 978-7-5170-6159-5 | |
| 000 | 01455nam0 2200277 450 | |
| 001 | 012001003559 | |
| 005 | 20140102115613.0 | |
| 010 | @a978-7-5170-6159-5@dCNY68.00 | |
| 099 | @aCAL 012019017437 | |
| 100 | @a20190219d2017 em y0chiy50 ea | |
| 101 | 0 | @achi |
| 102 | @aCN@b110000 | |
| 105 | @aabk a 000yy | |
| 106 | @ar | |
| 200 | 1 | @a高原湖泊水生态健康评估@Agao yuan hu bo shui sheng tai jian kang ping gu@e以抚仙湖为例@f李艳华, 毛建忠, 此里能布主编 |
| 210 | @a北京@c中国水利水电出版社@d2017 | |
| 215 | @a166页@c彩图, 地图@d26cm | |
| 320 | @a有书目 (第165-166页) | |
| 330 | @a本书基于对抚仙湖、星云湖流域进行的全面现场调查和历史资料收集, 分析评价两湖现状水质及近十年水质变化趋势; 利用遥感技术调查分析抚仙湖、星云湖湖滨带分区土地利用状况; 从湖泊水文、物理结构、水质和水生生物等方面进行分区调查, 研究评估两湖生态完整性综合状况; 从水功能区达标、水资源开发利用、水利防洪、公众满意情况等方面分析评价两湖流域现状社会服务功能; 在此基础上, 研究构建云南省高原湖泊健康评估指标体系和评估方法, 确定各评估指标的调查监测技术要求; 通过使用系统、规范的方法将多个指标的评价结果进行综合, 研究其相互协调性, 对抚仙湖、星云湖的水生态健康状况进行定量评估, 分析诊断主要影响因素, 提出保护建议。 | |
| 607 | @a抚仙湖@Afu xian hu@x水环境质量评价 | |
| 690 | @aX824@v5 | |
| 701 | 0 | @a李艳华@ALi Yanhua@4主编 |
| 701 | 0 | @a毛建忠@AMao Jianzhong@4主编 |
| 701 | 0 | @a此里能布@ACilinengbu@4主编 |
| 801 | 2 | @aCN@b北京卓展@c20191020 |
| 905 | @b1212097-100@dX824@e308@f4 | |
| 高原湖泊水生态健康评估:以抚仙湖为例/李艳华, 毛建忠, 此里能布主编.-北京:中国水利水电出版社,2017 |
| 166页:彩图, 地图;26cm |
| ISBN 978-7-5170-6159-5:CNY68.00 |
| 本书基于对抚仙湖、星云湖流域进行的全面现场调查和历史资料收集, 分析评价两湖现状水质及近十年水质变化趋势; 利用遥感技术调查分析抚仙湖、星云湖湖滨带分区土地利用状况; 从湖泊水文、物理结构、水质和水生生物等方面进行分区调查, 研究评估两湖生态完整性综合状况; 从水功能区达标、水资源开发利用、水利防洪、公众满意情况等方面分析评价两湖流域现状社会服务功能; 在此基础上, 研究构建云南省高原湖泊健康评估指标体系和评估方法, 确定各评估指标的调查监测技术要求; 通过使用系统、规范的方法将多个指标的评价结果进行综合, 研究其相互协调性, 对抚仙湖、星云湖的水生态健康状况进行定量评估, 分析诊断主要影响因素, 提出保护建议。 |
| ● |
| 相关链接 |
|
|
|
|
正题名:高原湖泊水生态健康评估
索取号:X824/308
 
预约/预借
| 序号 | 登录号 | 条形码 | 馆藏地/架位号 | 状态 | 备注 |
| 1 | 1212097 | 212120970 | 第二样本阅览室/ [索取号:X824/308] | 在馆 | |
| 2 | 1212098 | 212120989 | 第三借阅区/ [索取号:X824/308] | 在馆 | |
| 3 | 1212099 | 212120998 | 第三借阅区/ [索取号:X824/308] | 在馆 | |
| 4 | 1212100 | 212121005 | 第三借阅区/ [索取号:X824/308] | 在馆 |